Géographie des Pyrénées sur une carte - Statistiques

Statistiques générales
  • Ce quiz a été pris 70 fois
  • Le résultat moyen est 29 sur 64
Réponses sur la Carte
Les réponses sont colorées sur une échelle allant du rouge au vert en fonction du pourcentage des utilisateurs qui les ont devinées à leur premier essai. Vous pouvez retrouver ces pourcentages ci-dessous.
 
Statistiques - réponses
Réponse % Correct
Andorre
93%
Pau
93%
Perpignan
88%
Tarbes
88%
Foix
85%
Bayonne
83%
Espagne
83%
France
83%
Garonne
83%
Andorre-la-Vieille
82%
Lourdes
82%
Pyrénées-Orientales
82%
Ariège
80%
Pyrénées-Atlantiques
80%
Hautes-Pyrénées
77%
Aude
73%
Haute-Garonne
72%
Saint-Sébastien
68%
Catalogne
63%
Adour
62%
Oloron-Sainte-Marie
57%
Pays basque
57%
Pic du Midi de Bigorre
57%
Col du Tourmalet
55%
Navarre
53%
Pampelune
53%
Bagnères-de-Luchon
52%
Cirque de {Gavarnie}
52%
Pic d'Aneto
52%
Saint-Gaudens
52%
Pic du Midi d'Ossau
50%
Pic du Canigou
47%
Aragon
43%
Font Romeu
43%
A64
40%
Prades
38%
Vignemale
37%
Gérone
35%
Lac d'Oô
35%
La Rhune
32%
Llívia
32%
Pla d'Adet
32%
Têt
27%
Grottes De Bétharram
23%
Mont-Perdu
23%
Station de Ski Cauterets-Le Lys
23%
Col d'Aubisque
22%
Huesca
20%
Lac de Génos-Loudenvielle
20%
Grotte du Mas d'Azil
17%
Baqueira-Beret
13%
Cap de Creus
13%
Cascade d’Ars
13%
Pic Carlit
13%
Vielha
13%
Grotte de Niaux | Lombrives | Sabart
10%
Lac de Gaube
10%
Pique d'Estats
10%
Lac des Bouillouses
8%
Grotte de Fontrabiouse
7%
Parc National d'Aigüestortes
5%
Rivière Souterraine de Labouïche
5%
Cap Higuer
3%
Grottes de Gargas
3%
Aucun quiz correspondant
Distribution des résultats
% des personnes avec chaque résultat
Percentile par nombre de réponses
Votre historique - résultats
Vous n’avez pas pris ce quiz